Správa zo zasadnutia Rady ministrov európskej konferencie ministrov dopravy CEMT, konanej v dňoch 20.-24. apríla 1997 v Berlíne

Bibliographic Details
Format: Article
Language:Slovak
ISSN:1210-0978
Subjects:

MARC

LEADER 00000nab a2200000 a 4500
001 vtls000683790
003 SK-MaSNL
005 20260304083337.0
008 250425c1998 xo 0 slo
015 |a SNBRB1999/01-02089 
035 |a CLN000035957 
035 |a urn:nbn:sk:snk-ab31ty 
035 |a (urnnbn)urn:nbn:sk:snk:ar-a04ml2 
035 |a (uuid)7e159286-ed27-4c12-ad48-3d983289e181 
040 |a SNKBUCL  |b slo  |c SNKBUCL  |e AACR2 
041 0 |a slo 
044 |a xo  |c SK 
080 |a 656.022.81(4):061.3  |2 1997 
245 0 0 |a Správa zo zasadnutia Rady ministrov európskej konferencie ministrov dopravy CEMT, konanej v dňoch 20.-24. apríla 1997 v Berlíne 
610 7 |a Európska konferencia ministrov dopravy  |b Rada ministrov  |x zasadanie  |y apríl 1997  |2 snkbucl  |9 1373820 
650 0 7 |a koridory dopravné multimodálne  |2 snkbucl  |9 1196531 
655 7 |a články z novín a časopisov  |2 snkbucl  |9 267496 
773 0 |t Horizonty dopravy  |g Roč. 6, č. 3 (1998)  |g S. 21-22  |x 1210-0978  |x 1210-0978 
773 0 |t Príloha  |g Roč. 6, č. 3 (1998)  |g S. 21-22  |x 1210-0978  |x 1210-0978 
850 |a Slovenská národná knižnica 
852 |a Slovenská národná knižnica 
954 |a odborná, vedecká literatúra pôvodná (slovenská)  |2 lita 
958 |a article27 
958 |a OND 
958 |a EUIPO 
992 |a RBX 
999 |c 2800311  |d 2802241